[Event "Torneo de Maestros - Campeonato Paraguayo Absoluto"]
[Site "Diario ABC_Color/Yegros 745_Asuncion"]
[Date "2014.12.10"]
[Round "1"]
[Board "1"]
[White "Valiente, Cristobal"]
[Black "Franco Ocampos, Zenon"]
[Result "1-0"]
[WhiteElo "2233"]
[BlackElo "2490"]
[PlyCount "101"]
[EventDate "2014.12.10"]
[EventRounds "11"]
[EventCountry "PAR"]

1. Nf3 d5 2. d4 Nf6 3. c4 c6 4. Qc2 g6 5. g3 Bg7 6. Bg2 O-O 7. O-O Bf5 8. Qb3
Qb6 9. c5 Qc7 10. Nc3 Nbd7 11. Bf4 Qc8 12. Rac1 b6 13. cxb6 axb6 14. Ne5 Qb7
15. Nxc6 Qxc6 16. Nxd5 Qe6 17. Rc6 Qxe2 18. Bf3 Qa6 19. Nxe7+ Kh8 20. Nxf5 gxf5
21. a3 Qa4 22. Qd3 Ne4 23. Bxe4 fxe4 24. Qxe4 Bxd4 25. b4 Bg7 26. Bh6 Rg8 27.
Bxg7+ Rxg7 28. Rd6 f6 29. Qe6 Rf8 30. Rfd1 Ne5 31. Rd8 Rgg8 32. R1d5 Qxa3 33.
Rxe5 Qa1+ 34. Re1 Qxe1+ 35. Qxe1 Rxd8 36. Qe6 Rgf8 37. Qxb6 Rb8 38. Qd6 Kg7 39.
h4 Rb7 40. h5 Rfb8 41. Kg2 Rxb4 42. Qe7+ Kg8 43. Qxf6 R4b7 44. Qe6+ Rf7 45. f4
Rbf8 46. g4 Kg7 47. h6+ Kh8 48. g5 Kg8 49. Kg3 Kh8 50. Qe5+ Kg8 51. f5 1-0

[Event "Torneo de Maestros - Campeonato Paraguayo Absoluto"]
[Site "Diario ABC_Color/Yegros 745_Asuncion"]
[Date "2014.12.10"]
[Round "1"]
[Board "3"]
[White "Bachmann, Axel"]
[Black "Latorre, Matias"]
[Result "1-0"]
[WhiteElo "2628"]
[BlackElo "2312"]
[PlyCount "97"]
[EventDate "2014.12.10"]
[EventRounds "11"]
[EventCountry "PAR"]

1. c4 c6 2. Nf3 d5 3. g3 Nf6 4. Bg2 g6 5. O-O Bg7 6. d4 O-O 7. cxd5 cxd5 8. Ne5
Ng4 9. f4 Nxe5 10. dxe5 e6 11. e4 Qb6+ 12. Kh1 dxe4 13. Nc3 Bd7 14. Nxe4 Bc6
15. Qb3 Qxb3 16. axb3 Rd8 17. Bd2 Bd5 18. Bc3 Nc6 19. b4 a6 20. Rfd1 Ne7 21.
Kg1 Bc6 22. Bd4 Nd5 23. Bc5 Bf8 24. Rd4 Nxb4 25. Nf6+ Kh8 26. Rxd8 Rxd8 27.
Bxb4 Bxb4 28. Bxc6 bxc6 29. Rxa6 Kg7 30. Rxc6 Rd1+ 31. Kg2 Rd2+ 32. Kf3 Rxb2
33. Ne8+ Kg8 34. Rc7 Rd2 35. Nf6+ Kg7 36. Ne4 Ba5 37. Rb7 Rc2 38. Nd6 Rxh2 39.
Nxf7 Be1 40. Ng5+ Kg8 41. Rb8+ Kg7 42. Nxe6+ Kh6 43. Rb7 Rf2+ 44. Ke3 Rg2 45.
Ng5 Kh5 46. Ne4 Kg4 47. e6 Bxg3 48. e7 Bxf4+ 49. Kd3 1-0

[Event "Torneo de Maestros - Campeonato Paraguayo Absoluto"]
[Site "Diario ABC_Color/Yegros 745_Asuncion"]
[Date "2014.12.10"]
[Round "1"]
[Board "4"]
[White "Butti, Enrique"]
[Black "Kropff, Ricardo"]
[Result "0-1"]
[WhiteElo "2071"]
[BlackElo "2174"]
[PlyCount "90"]
[EventDate "2014.12.10"]
[EventRounds "11"]
[EventCountry "PAR"]

1. d4 Nf6 2. Bg5 d5 3. Bxf6 exf6 4. e3 Bd6 5. c4 dxc4 6. Bxc4 Nd7 7. Nf3 O-O 8.
O-O f5 9. Qc2 Qe7 10. Bd3 g6 11. Nc3 c6 12. e4 fxe4 13. Nxe4 Bc7 14. Rfe1 Nf6
15. Neg5 Qd6 16. Bc4 Bf5 17. Qb3 Nd5 18. h3 Rae8 19. g4 Bc8 20. Ne4 Qf4 21.
Bxd5 cxd5 22. Ng3 Qd6 23. Rxe8 Rxe8 24. Re1 Rxe1+ 25. Nxe1 Qe6 26. Nf3 Kg7 27.
Qc3 Bb6 28. Ne5 f6 29. Nd3 Qe8 30. Nf1 Bd7 31. Nc5 Bc6 32. Ne3 Qe7 33. b4 Qd6
34. Qb3 Bc7 35. b5 Be8 36. Nxd5 Qh2+ 37. Kf1 Qh1+ 38. Ke2 Bf7 39. f3 Bf4 40.
Ne4 Qg2+ 41. Kd1 f5 42. Qa3 Qf1+ 43. Kc2 Qe2+ 44. Kc3 Qxf3+ 45. Kb4 Qxa3+ 0-1

[Event "Torneo de Maestros - Campeonato Paraguayo Absoluto"]
[Site "Diario ABC_Color/Yegros 745_Asuncion"]
[Date "2014.12.11"]
[Round "2"]
[Board "1"]
[White "Franco Ocampos, Zenon"]
[Black "Jodorcovsky Werjivker, Paulo"]
[Result "1-0"]
[WhiteElo "2490"]
[BlackElo "2203"]
[PlyCount "51"]
[EventDate "2014.12.10"]
[EventRounds "11"]
[EventCountry "PAR"]

1. d4 d5 2. c4 e6 3. Nf3 Nf6 4. e3 Be7 5. b3 O-O 6. Bd3 b6 7. O-O Bb7 8. Bb2
Nbd7 9. Nc3 c5 10. Qe2 cxd4 11. exd4 Re8 12. Rad1 Bf8 13. Ne5 g6 14. f4 Rc8 15.
cxd5 Nxe5 16. dxe5 Nxd5 17. Nxd5 Bxd5 18. Be4 Qd7 19. Qg4 Rcd8 20. Bxd5 exd5
21. f5 Qe7 22. e6 Bh6 23. Qh3 Bg5 24. fxg6 f6 25. Bxf6 Bxf6 26. Rxf6 1-0

[Event "Torneo de Maestros - Campeonato Paraguayo Absoluto"]
[Site "Diario ABC_Color/Yegros 745_Asuncion"]
[Date "2014.12.11"]
[Round "2"]
[Board "3"]
[White "Kropff, Ricardo"]
[Black "Curatola, Clemente"]
[Result "1/2-1/2"]
[WhiteElo "2174"]
[BlackElo "2068"]
[PlyCount "59"]
[EventDate "2014.12.10"]
[EventRounds "11"]
[EventCountry "PAR"]

1. c4 f5 2. g3 Nf6 3. Bg2 e6 4. Nf3 Be7 5. O-O O-O 6. Nc3 d6 7. d3 Nc6 8. Rb1
Qe8 9. b4 Kh8 10. b5 Nd8 11. a4 a5 12. bxa6 Rxa6 13. Nb5 Qd7 14. c5 Nc6 15.
cxd6 cxd6 16. Nd2 d5 17. e4 dxe4 18. dxe4 Nxe4 19. Nxe4 Qxd1 20. Rxd1 fxe4 21.
Nc3 Bf6 22. Ba3 Rd8 23. Nxe4 Rxd1+ 24. Rxd1 Rxa4 25. Nxf6 gxf6 26. Bxc6 Rxa3
27. Bxb7 Bxb7 28. Rd8+ Kg7 29. Rd7+ Kg6 30. Rxb7 1/2-1/2

[Event "Torneo de Maestros - Campeonato Paraguayo Absoluto"]
[Site "Diario ABC_Color/Yegros 745_Asuncion"]
[Date "2014.12.11"]
[Round "2"]
[Board "4"]
[White "Latorre, Matias"]
[Black "Butti, Enrique"]
[Result "1/2-1/2"]
[WhiteElo "2312"]
[BlackElo "2071"]
[PlyCount "114"]
[EventDate "2014.12.10"]
[EventRounds "11"]
[EventCountry "PAR"]

1. g3 d5 2. Nf3 c5 3. Bg2 Nf6 4. O-O e6 5. c4 Nc6 6. cxd5 exd5 7. d4 c4 8. b3
cxb3 9. axb3 Be7 10. Ne5 Nxe5 11. dxe5 Ne4 12. Bb2 O-O 13. Nc3 Nxc3 14. Bxc3
Be6 15. Qd3 Qd7 16. Rfd1 Rfd8 17. Bd4 b6 18. Ra2 Rac8 19. Rda1 Rc7 20. Rc2 Rdc8
21. Rxc7 Rxc7 22. Qa6 h6 23. e3 Bc5 24. Qd3 Bxd4 25. Qxd4 Qb5 26. Rb1 Rc2 27.
e4 Qe2 28. exd5 Rd2 29. Qf4 Rd1+ 30. Rxd1 Qxd1+ 31. Bf1 Bxd5 32. b4 b5 33. Qf5
Bc4 34. Qh3 Qb1 35. Qg2 Bxf1 36. Qxf1 Qxb4 37. Qc1 Qc4 38. Qa3 Qc7 39. Qf3 a5
40. h4 b4 41. Qa8+ Kh7 42. Qe4+ g6 43. h5 b3 44. e6 b2 45. e7 b1=Q+ 46. Qxb1
Qxe7 47. hxg6+ fxg6 48. Qd1 Qe8 49. Qd4 a4 50. Qa7+ Kg8 51. Kh2 Qb5 52. Qe3 Kf7
53. Qf4+ Kg7 54. Qc7+ Kf6 55. Qd6+ Kf7 56. Qf4+ Kg8 57. Qe4 Kf7 1/2-1/2

[Event "Torneo de Maestros - Campeonato Paraguayo Absoluto"]
[Site "Diario ABC_Color/Yegros 745_Asuncion"]
[Date "2014.12.11"]
[Round "2"]
[Board "5"]
[White "Vargas, Gabriela"]
[Black "Bachmann, Axel"]
[Result "0-1"]
[WhiteElo "2134"]
[BlackElo "2628"]
[PlyCount "84"]
[EventDate "2014.12.10"]
[EventRounds "11"]
[EventCountry "PAR"]

1. d4 Nf6 2. Bg5 c5 3. dxc5 e6 4. e3 Bxc5 5. c3 b6 6. Nf3 Bb7 7. Nbd2 Be7 8.
Bd3 Na6 9. Nb3 O-O 10. O-O h6 11. Bh4 d6 12. Qe2 Nc7 13. Rfd1 e5 14. Bxf6 Bxf6
15. e4 Qe7 16. Nbd2 g6 17. Nf1 d5 18. exd5 Nxd5 19. Be4 Nf4 20. Qc2 Bg7 21. Ne3
f5 22. Bxb7 Qxb7 23. Qb3+ Kh7 24. Nd5 Ne6 25. Ne3 Nc5 26. Qd5 Qe7 27. Qd6 Qe8
28. Nc4 e4 29. Ne1 Rd8 30. Qxd8 Qxd8 31. Rxd8 Rxd8 32. Kf1 b5 33. Ne3 Rd2 34.
b4 Bxc3 35. Rb1 Na4 36. a3 f4 37. N3c2 g5 38. g3 Kg6 39. Rb3 Kf5 40. gxf4 gxf4
41. Rb1 Bb2 42. Kg1 Ke6 0-1

[Event "Torneo de Maestros - Campeonato Paraguayo Absoluto"]
[Site "Diario ABC_Color/Yegros 745_Asuncion"]
[Date "2014.12.12"]
[Round "3"]
[Board "2"]
[White "Bachmann, Axel"]
[Black "Valiente, Cristobal"]
[Result "1-0"]
[WhiteElo "2628"]
[BlackElo "2233"]
[PlyCount "59"]
[EventDate "2014.12.10"]
[EventRounds "11"]
[EventCountry "PAR"]

1. Nf3 Nf6 2. c4 e6 3. d4 Bb4+ 4. Bd2 c5 5. Bxb4 cxb4 6. g3 O-O 7. Bg2 d6 8.
O-O Nc6 9. Nbd2 e5 10. d5 Ne7 11. Ne1 Bf5 12. e4 Bg4 13. f3 Bd7 14. Nd3 a5 15.
Rc1 b6 16. f4 Ng6 17. Qf3 exf4 18. gxf4 Bg4 19. Qf2 Nd7 20. h3 Bh5 21. Nb3 Nc5
22. Nbxc5 bxc5 23. f5 Nh4 24. Bh1 Re8 25. Rce1 Rc8 26. Qg3 Kh8 27. f6 Ng6 28.
Qg5 gxf6 29. Qxh5 Rg8 30. Kh2 1-0

[Event "Torneo de Maestros - Campeonato Paraguayo Absoluto"]
[Site "Diario ABC_Color/Yegros 745_Asuncion"]
[Date "2014.12.12"]
[Round "3"]
[Board "3"]
[White "Butti, Enrique"]
[Black "Vargas, Gabriela"]
[Result "1-0"]
[WhiteElo "2071"]
[BlackElo "2134"]
[PlyCount "45"]
[EventDate "2014.12.10"]
[EventRounds "11"]
[EventCountry "PAR"]

1. c4 e6 2. d4 d5 3. Nc3 Be7 4. Nf3 Nf6 5. Bg5 h6 6. Bxf6 Bxf6 7. e3 O-O 8. Qd2
b6 9. O-O-O dxc4 10. Bxc4 Ba6 11. Bxa6 Nxa6 12. h4 c5 13. g4 cxd4 14. exd4 b5
15. g5 b4 16. Ne4 Qd5 17. Qd3 Rfc8+ 18. Kb1 b3 19. a3 Be7 20. gxh6 gxh6 21.
Rhg1+ Kf8 22. Ne5 f5 23. Nc3 1-0

[Event "Torneo de Maestros - Campeonato Paraguayo Absoluto"]
[Site "Diario ABC_Color/Yegros 745_Asuncion"]
[Date "2014.12.12"]
[Round "3"]
[Board "5"]
[White "Almiron, Antonio"]
[Black "Kropff, Ricardo"]
[Result "0-1"]
[WhiteElo "2255"]
[BlackElo "2174"]
[PlyCount "46"]
[EventDate "2014.12.10"]
[EventRounds "11"]
[EventCountry "PAR"]

1. d4 Nf6 2. Nf3 e6 3. e3 c5 4. Bd3 b6 5. O-O Bb7 6. b3 cxd4 7. exd4 Be7 8. Bb2
O-O 9. Nbd2 Re8 10. Re1 Bf8 11. a3 g6 12. c4 d5 13. Rc1 Nbd7 14. Qe2 Rc8 15.
Rc2 Rc7 16. Rec1 Nh5 17. Qe3 Bg7 18. Ne5 Nxe5 19. dxe5 d4 20. Bxd4 Rd7 21. Be4
Bxe4 22. Nxe4 Rxd4 23. Nd6 Bxe5 0-1

[Event "Torneo de Maestros - Campeonato Paraguayo Absoluto"]
[Site "Diario ABC_Color/Yegros 745_Asuncion"]
[Date "2014.12.13"]
[Round "4"]
[Board "2"]
[White "Kropff, Ricardo"]
[Black "Jodorcovsky Werjivker, Paulo"]
[Result "1-0"]
[WhiteElo "2174"]
[BlackElo "2203"]
[PlyCount "59"]
[EventDate "2014.12.10"]
[EventRounds "11"]
[EventCountry "PAR"]

1. c4 e6 2. Nf3 d5 3. b3 Nf6 4. g3 Be7 5. Bg2 O-O 6. O-O c5 7. Bb2 Nc6 8. e3 b6
9. Nc3 Ba6 10. d3 Qd7 11. Qe2 Rad8 12. Rfd1 Rfe8 13. Rac1 d4 14. exd4 Nxd4 15.
Nxd4 cxd4 16. Ne4 e5 17. Nxf6+ Bxf6 18. Qe4 Rc8 19. Qd5 Qe7 20. a3 Red8 21. Qe4
b5 22. f4 Qd6 23. fxe5 Bxe5 24. Re1 Bf6 25. c5 Qf8 26. Qf5 Be7 27. b4 Rc7 28.
Be4 g6 29. Qe5 Rcd7 30. Bc6 1-0

[Event "Torneo de Maestros - Campeonato Paraguayo Absoluto"]
[Site "Diario ABC_Color/Yegros 745_Asuncion"]
[Date "2014.12.13"]
[Round "4"]
[Board "3"]
[White "Latorre, Matias"]
[Black "Almiron, Antonio"]
[Result "1/2-1/2"]
[WhiteElo "2312"]
[BlackElo "2255"]
[PlyCount "66"]
[EventDate "2014.12.10"]
[EventRounds "11"]
[EventCountry "PAR"]

1. d4 Nf6 2. c4 g6 3. Nc3 d5 4. Nf3 Bg7 5. Bg5 Ne4 6. Bf4 Nxc3 7. bxc3 dxc4 8.
e3 O-O 9. Bxc4 c5 10. O-O Nc6 11. Rb1 Na5 12. Bd3 Be6 13. Qa4 Rc8 14. Be4 b6
15. Nd2 Bd7 16. Qa3 Bc6 17. Bxc6 Rxc6 18. Nb3 Nxb3 19. axb3 Qd7 20. Qa6 Ra8 21.
b4 e6 22. Ra1 Bf8 23. b5 Rcc8 24. h3 cxd4 25. cxd4 Bb4 26. Qa4 a5 27. bxa6 Qxa4
28. Rxa4 Ba5 29. Rb1 Rxa6 30. e4 Raa8 31. Be3 Rd8 32. Bg5 Bc3 33. Rxa8 Rxa8
 1/2-1/2

[Event "Torneo de Maestros - Campeonato Paraguayo Absoluto"]
[Site "Diario ABC_Color/Yegros 745_Asuncion"]
[Date "2014.12.13"]
[Round "4"]
[Board "4"]
[White "Vargas, Gabriela"]
[Black "Curatola, Clemente"]
[Result "1/2-1/2"]
[WhiteElo "2134"]
[BlackElo "2068"]
[PlyCount "54"]
[EventDate "2014.12.10"]
[EventRounds "11"]
[EventCountry "PAR"]

1. d4 e6 2. Nf3 f5 3. Bg5 Be7 4. Bxe7 Qxe7 5. Qd3 Nf6 6. Nbd2 b6 7. g3 Bb7 8.
Bg2 O-O 9. O-O d6 10. Nh4 Bxg2 11. Nxg2 Nbd7 12. c4 g6 13. e4 fxe4 14. Nxe4
Nxe4 15. Qxe4 e5 16. dxe5 dxe5 17. f4 Qc5+ 18. Kh1 Rae8 19. fxe5 Rxf1+ 20. Rxf1
Qxe5 21. Qxe5 Nxe5 22. Re1 Kf7 23. b3 Nd3 24. Rf1+ Kg7 25. Kg1 a5 26. Rd1 Nc5
27. Rd2 Re7 1/2-1/2

[Event "Torneo de Maestros - Campeonato Paraguayo Absoluto"]
[Site "Diario ABC_Color/Yegros 745_Asuncion"]
[Date "2014.12.14"]
[Round "5"]
[Board "1"]
[White "Bachmann, Axel"]
[Black "Franco Ocampos, Zenon"]
[Result "0-1"]
[WhiteElo "2628"]
[BlackElo "2490"]
[PlyCount "74"]
[EventDate "2014.12.10"]
[EventRounds "11"]
[EventCountry "PAR"]

1. c4 e5 2. Nc3 Nc6 3. g3 g6 4. Bg2 Bg7 5. d3 d6 6. e3 Nge7 7. Nge2 h5 8. h3 h4
9. g4 f5 10. gxf5 gxf5 11. f4 Ng6 12. Qb3 Nce7 13. Bd2 c6 14. O-O-O Qb6 15. Qa3
Qc7 16. c5 dxc5 17. Qxc5 Be6 18. Nb5 Qd7 19. Nd6+ Kf8 20. Bc3 b6 21. Qa3 exf4
22. Nxf4 Nxf4 23. Bxg7+ Kxg7 24. exf4 Ng6 25. Rhg1 Kh7 26. Ne4 fxe4 27. Bxe4
Bf5 28. Rg5 Raf8 29. Rdg1 Bxe4 30. dxe4 Nxf4 31. Qf3 Kh6 32. R5g4 Qe7 33. Kb1
Qf6 34. Rf1 Nd5 35. Rfg1 Rhg8 36. Qe2 Rxg4 37. Qxg4 Ne3 0-1

[Event "Torneo de Maestros - Campeonato Paraguayo Absoluto"]
[Site "Diario ABC_Color/Yegros 745_Asuncion"]
[Date "2014.12.14"]
[Round "5"]
[Board "3"]
[White "Curatola, Clemente"]
[Black "Valiente, Cristobal"]
[Result "1/2-1/2"]
[WhiteElo "2068"]
[BlackElo "2233"]
[PlyCount "20"]
[EventDate "2014.12.10"]
[EventRounds "11"]
[EventCountry "PAR"]

1. Nf3 Nf6 2. g3 g6 3. Bg2 Bg7 4. O-O O-O 5. c4 d6 6. Nc3 e5 7. d3 Re8 8. Rb1
a5 9. b3 Nc6 10. h3 h6 1/2-1/2

[Event "Torneo de Maestros - Campeonato Paraguayo Absoluto"]
[Site "Diario ABC_Color/Yegros 745_Asuncion"]
[Date "2014.12.14"]
[Round "5"]
[Board "4"]
[White "Almiron, Antonio"]
[Black "Vargas, Gabriela"]
[Result "1-0"]
[WhiteElo "2255"]
[BlackElo "2134"]
[PlyCount "109"]
[EventDate "2014.12.10"]
[EventRounds "11"]
[EventCountry "PAR"]

1. c4 e6 2. Nf3 d5 3. d4 c6 4. e3 f5 5. Bd3 Nf6 6. O-O Bd6 7. b3 Qe7 8. a4 a5
9. Ba3 Bxa3 10. Nxa3 O-O 11. Ne5 g6 12. c5 Nbd7 13. f4 Qg7 14. Nc2 Ne4 15. Bxe4
fxe4 16. Qe1 g5 17. Qg3 gxf4 18. exf4 Qxg3 19. hxg3 b6 20. Nxd7 Bxd7 21. b4
bxc5 22. bxc5 Rfb8 23. Rfb1 Rxb1+ 24. Rxb1 Kf7 25. Rb7 Ke7 26. Ne3 Kd8 27. Ng4
Kc8 28. Rb6 Kc7 29. Kf2 Be8 30. Ne5 h5 31. g4 hxg4 32. Nxg4 Bd7 33. Ne5 Rh8 34.
Rb3 Be8 35. Rh3 Rxh3 36. gxh3 Bh5 37. h4 Be8 38. Ng4 Kd8 39. Ne3 Bg6 40. Nc2
Bh5 41. Ke1 Bg6 42. Na1 e3 43. Ke2 Bh5+ 44. Ke1 Bg6 45. Nb3 Bc2 46. Nxa5 Bxa4
47. Ke2 Ke7 48. Kxe3 Kf6 49. h5 Kf5 50. Nb7 Kf6 51. Nd8 Bd1 52. h6 Ba4 53. Nxe6
Kg6 54. f5+ Kxh6 55. Kf4 1-0

[Event "Torneo de Maestros - Campeonato Paraguayo Absoluto"]
[Site "Diario ABC_Color/Yegros 745_Asuncion"]
[Date "2014.12.14"]
[Round "5"]
[Board "5"]
[White "Jodorcovsky Werjivker, Paulo"]
[Black "Latorre, Matias"]
[Result "1-0"]
[WhiteElo "2203"]
[BlackElo "2312"]
[PlyCount "88"]
[EventDate "2014.12.10"]
[EventRounds "11"]
[EventCountry "PAR"]

1. d4 Nf6 2. Nf3 e6 3. c4 c5 4. e3 cxd4 5. exd4 b6 6. Nc3 Bb7 7. Bd3 Be7 8. O-O
O-O 9. d5 h6 10. Bc2 Bb4 11. Bd2 Na6 12. a3 Bxc3 13. Bxc3 exd5 14. cxd5 Nc5 15.
Bxf6 Qxf6 16. b4 Na6 17. Qd3 g6 18. Bb3 Rfc8 19. Bc4 Nc7 20. Rfe1 Ne8 21. Ne5
Qd6 22. Rad1 Kg7 23. Re3 Nf6 24. Qd4 Rc7 25. Rf3 Rac8 26. Bb3 h5 27. Nc4 Qe7
28. d6 Bxf3 29. dxe7 Bxd1 30. e8=Q Rxe8 31. Qxd1 d5 32. Ne3 Rec8 33. Qd4 Rc1+
34. Bd1 Re8 35. h3 Re4 36. Qd2 Ra1 37. Kh2 Rxa3 38. Bf3 Re8 39. Qb2 Raxe3 40.
fxe3 Rxe3 41. Bxd5 Re7 42. b5 Rd7 43. Bc6 Rd6 44. Qe5 Re6 1-0

[Event "Torneo de Maestros - Campeonato Paraguayo Absoluto"]
[Site "Diario ABC_Color/Yegros 745_Asuncion"]
[Date "2014.12.14"]
[Round "6"]
[Board "1"]
[White "Franco Ocampos, Zenon"]
[Black "Kropff, Ricardo"]
[Result "1/2-1/2"]
[WhiteElo "2490"]
[BlackElo "2174"]
[PlyCount "57"]
[EventDate "2014.12.10"]
[EventRounds "11"]
[EventCountry "PAR"]

1. d4 Nf6 2. c4 e6 3. Nf3 Bb4+ 4. Nbd2 d5 5. a3 Bxd2+ 6. Bxd2 O-O 7. Rc1 Ne4 8.
e3 Nc6 9. Bd3 Nxd2 10. Qxd2 Qe7 11. Qc2 h6 12. O-O Rd8 13. Rfe1 Bd7 14. e4 dxc4
15. Qxc4 Rac8 16. e5 Nb8 17. Bb1 Bc6 18. Qd3 g6 19. Nd2 Nd7 20. Qh3 Qg5 21.
Rcd1 Nf8 22. Ne4 Bxe4 23. Bxe4 c6 24. b4 a6 25. Qe3 Rc7 26. f4 Qe7 27. Rd3 f5
28. Bf3 Nd7 29. Kh1 1/2-1/2

[Event "Torneo de Maestros - Campeonato Paraguayo Absoluto"]
[Site "Diario ABC_Color/Yegros 745_Asuncion"]
[Date "2014.12.14"]
[Round "6"]
[Board "4"]
[White "Valiente, Cristobal"]
[Black "Almiron, Antonio"]
[Result "1/2-1/2"]
[WhiteElo "2233"]
[BlackElo "2255"]
[PlyCount "53"]
[EventDate "2014.12.10"]
[EventRounds "11"]
[EventCountry "PAR"]

1. Nf3 c5 2. c4 Nc6 3. d4 cxd4 4. Nxd4 g6 5. e4 Bg7 6. Be3 Nf6 7. Nc3 d6 8. Be2
O-O 9. O-O Bd7 10. Rb1 Nxd4 11. Bxd4 Bc6 12. f3 a5 13. b3 Nd7 14. Bxg7 Kxg7 15.
Qd4+ Kg8 16. Rfe1 Qb6 17. Qxb6 Nxb6 18. Bf1 e6 19. Rbd1 Rfd8 20. Rd2 Kf8 21.
Red1 Ke7 22. Kf2 f5 23. exf5 gxf5 24. Re1 Kf6 25. Red1 Ke7 26. Re1 Kf6 27. Red1
 1/2-1/2

[Event "Torneo de Maestros - Campeonato Paraguayo Absoluto"]
[Site "Diario ABC_Color/Yegros 745_Asuncion"]
[Date "2014.12.14"]
[Round "6"]
[Board "6"]
[White "Bachmann, Axel"]
[Black "Butti, Enrique"]
[Result "1-0"]
[WhiteElo "2628"]
[BlackElo "2071"]
[PlyCount "43"]
[EventDate "2014.12.10"]
[EventRounds "11"]
[EventCountry "PAR"]

1. Nf3 d6 2. e4 Bg4 3. d4 Nf6 4. Nc3 Nc6 5. Be2 e6 6. d5 exd5 7. exd5 Bxf3 8.
Bxf3 Ne5 9. Be2 Be7 10. Be3 O-O 11. f4 Ng6 12. Qd2 c5 13. g4 Nd7 14. g5 Nh4 15.
Bf2 Nf5 16. O-O-O f6 17. g6 hxg6 18. Rhg1 Qe8 19. Bd3 Nb6 20. Rg2 c4 21. Be4
Na4 22. Rdg1 1-0

[Event "Torneo de Maestros - Campeonato Paraguayo Absoluto"]
[Site "Diario ABC_Color/Yegros 745_Asuncion"]
[Date "2014.12.15"]
[Round "7"]
[Board "1"]
[White "Butti, Enrique"]
[Black "Franco Ocampos, Zenon"]
[Result "0-1"]
[WhiteElo "2071"]
[BlackElo "2490"]
[PlyCount "148"]
[EventDate "2014.12.10"]
[EventRounds "11"]
[EventCountry "PAR"]

1. d4 Nf6 2. Nf3 e6 3. c4 b6 4. g3 Bb7 5. Bg2 Be7 6. O-O O-O 7. d5 exd5 8. Nh4
c6 9. cxd5 Nxd5 10. Nf5 Na6 11. Bxd5 cxd5 12. Nc3 Nc7 13. Bf4 Bf6 14. Qd2 d4
15. Nxd4 Ne6 16. Be3 d5 17. Rfd1 Qd7 18. Rac1 Rad8 19. Rc2 h5 20. Rdc1 h4 21.
Ncb5 Nc5 22. b4 Ne4 23. Qe1 hxg3 24. hxg3 Rc8 25. Rc7 Qh3 26. Rxb7 Rxc1 27.
Bxc1 a6 28. Rxb6 axb5 29. Nf3 Re8 30. Bd2 Qd7 31. Kg2 d4 32. Qd1 Qa7 33. Rxb5
Qxa2 34. Rh5 g6 35. Rh3 Nc3 36. Bg5 Bg7 37. Qd2 Rxe2 38. Qxa2 Rxa2 39. Rh4 d3
40. Rc4 Nd1 41. Rc8+ Kh7 42. Bd2 Bh6 43. Rc1 Bxd2 44. Rxd1 Be3 45. Rxd3 Rxf2+
46. Kh3 Rxf3 47. Kg4 Rf2 48. Rxe3 Rb2 49. Kf3 Rxb4 50. Re7 Kg7 51. Ra7 Kf6 52.
Ra6+ Kg5 53. Rc6 Rb3+ 54. Kf2 f5 55. Ra6 Kh5 56. Rf6 Rb5 57. Kf3 Rb1 58. Ra6
Rb3+ 59. Kf2 g5 60. Ra4 Rb2+ 61. Ke3 g4 62. Ra8 Rg2 63. Kf4 Rf2+ 64. Ke5 Kg6
65. Rg8+ Kf7 66. Rg5 Rf3 67. Rxf5+ Kg6 68. Rf4 Kg5 69. Ke4 Rxg3 70. Rf8 Ra3 71.
Rg8+ Kh4 72. Rh8+ Kg3 73. Rg8 Kh3 74. Rh8+ Kg2 0-1

[Event "Torneo de Maestros - Campeonato Paraguayo Absoluto"]
[Site "Diario ABC_Color/Yegros 745_Asuncion"]
[Date "2014.12.15"]
[Round "7"]
[Board "4"]
[White "Jodorcovsky Werjivker, Paulo"]
[Black "Valiente, Cristobal"]
[Result "1/2-1/2"]
[WhiteElo "2203"]
[BlackElo "2233"]
[PlyCount "25"]
[EventDate "2014.12.10"]
[EventRounds "11"]
[EventCountry "PAR"]

1. d4 Nf6 2. Nf3 e6 3. e3 b6 4. c4 Bb7 5. Bd3 Be7 6. Nc3 d5 7. O-O dxc4 8. Bxc4
O-O 9. b3 c5 10. dxc5 Qxd1 11. Rxd1 Bxc5 12. Bb2 Nc6 13. Rac1 1/2-1/2

[Event "Torneo de Maestros - Campeonato Paraguayo Absoluto"]
[Site "Diario ABC_Color/Yegros 745_Asuncion"]
[Date "2014.12.15"]
[Round "7"]
[Board "6"]
[White "Kropff, Ricardo"]
[Black "Latorre, Matias"]
[Result "0-1"]
[WhiteElo "2174"]
[BlackElo "2312"]
[PlyCount "70"]
[EventDate "2014.12.10"]
[EventRounds "11"]
[EventCountry "PAR"]

1. c4 c6 2. e4 d5 3. exd5 cxd5 4. d4 Nf6 5. Nc3 Nc6 6. Nf3 g6 7. cxd5 Nxd5 8.
Bc4 Nb6 9. Bb3 Bg7 10. d5 Na5 11. Bc2 Bxc3+ 12. bxc3 Qxd5 13. Qxd5 Nxd5 14. Be4
Nf6 15. Bd3 Bf5 16. Bxf5 gxf5 17. Rb1 b6 18. Rb5 e6 19. Be3 Ne4 20. O-O Rc8 21.
Bd4 f6 22. Re1 Kf7 23. h3 Rhd8 24. g4 Nxc3 25. Rb2 e5 26. Bxc3 Rxc3 27. Nh4
fxg4 28. hxg4 Rd4 29. f3 Nc4 30. Rh2 Nd2 31. Kf2 Rf4 32. Rh3 Ne4+ 33. Kg2 Ng5
34. Rg3 Rc2+ 35. Kh1 Rxa2 0-1

[Event "Torneo de Maestros - Campeonato Paraguayo Absoluto"]
[Site "Diario ABC_Color/Yegros 745_Asuncion"]
[Date "2014.12.16"]
[Round "8"]
[Board "1"]
[White "Franco Ocampos, Zenon"]
[Black "Latorre, Matias"]
[Result "1-0"]
[WhiteElo "2490"]
[BlackElo "2312"]
[PlyCount "93"]
[EventDate "2014.12.10"]
[EventRounds "11"]
[EventCountry "PAR"]

1. d4 d5 2. Nf3 Nf6 3. c4 c6 4. Nc3 dxc4 5. a4 Bf5 6. e3 e6 7. Bxc4 Nbd7 8. O-O
Bb4 9. Nh4 Bg4 10. f3 Bh5 11. g4 Bg6 12. Nxg6 hxg6 13. e4 Qc7 14. Qe2 e5 15.
Be3 O-O 16. dxe5 Nxe5 17. Ba2 Nh7 18. f4 Nd7 19. g5 Bc5 20. Rad1 Rae8 21. Kh1
b6 22. Rd3 Re7 23. e5 Bb4 24. Ne4 Nxe5 25. fxe5 Qxe5 26. Ng3 Bc5 27. Bxc5 Qxc5
28. Qd2 Nxg5 29. Nf5 Re5 30. Qxg5 Rxf5 31. Rxf5 gxf5 32. Rf3 Qc2 33. Qxf5 Qxf5
34. Rxf5 c5 35. Rd5 Re8 36. Rd7 Re1+ 37. Kg2 Re2+ 38. Kg3 Rxb2 39. Bxf7+ Kh7
40. Rxa7 Rb4 41. Be8 Kh6 42. Bb5 Rb3+ 43. Kg4 Rb2 44. Rb7 Rg2+ 45. Kf3 Rg6 46.
Rc7 Kg5 47. Ke4 1-0

[Event "Torneo de Maestros - Campeonato Paraguayo Absoluto"]
[Site "Diario ABC_Color/Yegros 745_Asuncion"]
[Date "2014.12.16"]
[Round "8"]
[Board "2"]
[White "Vargas, Gabriela"]
[Black "Kropff, Ricardo"]
[Result "1/2-1/2"]
[WhiteElo "2134"]
[BlackElo "2174"]
[PlyCount "23"]
[EventDate "2014.12.10"]
[EventRounds "11"]
[EventCountry "PAR"]

1. d4 c5 2. d5 e5 3. c4 d6 4. e4 Nf6 5. Nc3 Be7 6. Nf3 O-O 7. Be2 Nbd7 8. O-O
Ne8 9. a3 g6 10. b4 b6 11. Rb1 Ng7 12. Bd2 1/2-1/2